000 00452nam a22001577a 4500
020 _a8177541536
050 _aQH90
_b.A1 2010
100 _aG. Ragothaman
245 _aAquatic ecology:
_bA text book
_cG. Rangothaman, R.k. Trivedy,
260 _aJodhpur, India:
_bAgrobios:
_c2010
300 _a247p.
500 _aIncludes Bibliography, Index, table of contents
650 _v Aquatic biology
_v Aquatic ecology
700 _aTrivedy, R.K.
942 _cGEN
999 _c156
_d156